Property profile (Record no. 118896)

MARC details
000 -LEADER
fixed length control field 00854cas a22002295a 4500
001 - CONTROL NUMBER
control field L137268
008 - FIXED-LENGTH DATA ELEMENTS--GENERAL INFORMATION
fixed length control field 070327c2007 xxk r ws ss 0 a0eng u
035 ## - SYSTEM CONTROL NUMBER
System control number (Sirsi) u137268
041 0# - LANGUAGE CODE
Language code of text/sound track or separate title eng
110 2# - MAIN ENTRY--CORPORATE NAME
Corporate name or jurisdiction name as entry element Cooke and Arkwright
9 (RLIN) 5148
245 00 - TITLE STATEMENT
Title Property profile
Medium [electronic resource]
260 ## - PUBLICATION, DISTRIBUTION, ETC.
Place of publication, distribution, etc. London
Name of publisher, distributor, etc. Cooke and Arkwright
Date of publication, distribution, etc. 2007-
362 0# - DATES OF PUBLICATION AND/OR SEQUENTIAL DESIGNATION
Dates of publication and/or sequential designation 2007-
490 #0 - SERIES STATEMENT
Series statement Cooke and Arkwright Property Profile
520 ## - SUMMARY, ETC.
Summary, etc. Reviews current trends in theSouth Wales retail, office and industrial property markets and looks at the economic context.
554 ## -
-- Annual
650 24 - SUBJECT ADDED ENTRY--TOPICAL TERM
Topical term or geographic name entry element COOKE AND ARKWRIGHT PROPERTY PROFILE
651 #4 - SUBJECT ADDED ENTRY--GEOGRAPHIC NAME
Geographic name Wales
Chronological subdivision 1998-2007
690 ## - LOCAL SUBJECT ADDED ENTRY--TOPICAL TERM (OCLC, RLIN)
Topical term or geographic name as entry element PROPERTY-COMMERCIAL PROPERTY-COMMERCIAL PROPERTY MARKET
856 40 - ELECTRONIC LOCATION AND ACCESS
Uniform Resource Identifier <a href="https://www.coark.com/services/research/">https://www.coark.com/services/research/</a>
Public note View the item free of charge at www.coark.co.uk...
942 ## - ADDED ENTRY ELEMENTS (KOHA)
Suppress in OPAC 0
Holdings
Withdrawn status Lost status Source of classification or shelving scheme Damaged status Not for loan Home library Current library Shelving location Date acquired Total Checkouts Full call number Barcode Date last seen Copy number Price effective from Koha item type
    Dewey Decimal Classification     Virtual Virtual Online 27/03/2007   ONLINE PUBLICATION 137268-1001 06/08/2019 1 06/08/2019 Book